في أدب الأطفال / (Record no. 14210)

MARC details
000 -الفاتح
حقل البيانات ثابتة الطول 01115cam a22003017a 4500
003 - محدد رقم الضبط
رقم الضبط EG-ScBUE
005 - وقت وتاريخ اخر تعامل مع التسجيلة
رقم الضبط 20200122152816.0
008 - عناصر البيانات ثابتة الطول - معلومات عامة
حقل البيانات ثابتة الطول 100624s1996 ua f b 000 0 ara d
017 ## - رقم الإيداع القانونى
رقم الإيداع القانونى 1995 / 9219
020 ## - الرقم الدولى المعيارى للكتب
الرقم الدولى المعيارى للكتاب 9770514101
040 ## - مصدر الفهرسة
وكالة الفهرسة الأصلية EG-ScBUE
لغة الفهرسة ara
قواعد الوصف rda
وكالة النسخ EG-ScBUE
وكالة التعديل EG-ScBUE
082 04 - رقم تصنيف ديوى العشرى
رقم التصنيف 892.7099282
رقم المادة ح د ي
رقم الطبعة 22
100 1# - المدخل الرئيسى - إسم شخصى
الإسم الشخصى حديدي، علي،
الدور مؤلف.
9 (RLIN) 15197
245 10 - بيان العنوان
العنوان في أدب الأطفال /
بيان المسئوليه,etc الدكتور علي الحديدي، أستاذ الأدب الحديث، جامعة عين شمس.
250 ## - بيان الطبعة
بيان الطبعة الطبعة السابعة،
بقية بيان الطبعة مزيدة ومنقحة
264 #1 - النشر، التوزيع
مكان الناشر او الموزع القاهرة :
اسم الناشر او الموزع مكتبة الأنجلو المصرية،
تاريخ النشر أو التوزيع 1996.
300 ## - الوصف المادى
التعداد 463 صفحة ؛
أبعاد الوعاء 24 سم
336 ## - نوع المحتوى
source rdacontent
Carrier Type Term نص
Content Type Code txt
337 ## - نوع الوسيط
source rdamedia
Media Type Term بدون وسيط
Media Type Code n
338 ## - نوع الحامل أو الناقل
source rdacarrier
Carrier Type Term مجلد
Carrier Type Code nc
504 ## - تبصرة ببليوجرافية
تبصرة ببليوجرافية,الخ يشتمل علي إرجاعات ببليوجرافية.
590 ## - تبصرة محلية(RLIN)
تبصرة محلية eman
650 #7 - المدخل الاضافى بالموضوع-مصطلح موضوعى
مصطلح موضوعي أو اسم جغرافي كعنصر مدخل أدب الأطفال
التقسيم الفرعي العام تاريخ ونقد.
مصدر الرأس أو المصطلح BUEsh
9 (RLIN) 13676
651 ## - المدخل الاضافى بالموضوع - اسم جغرافى
مصدر الرأس أو المصطلح BUEsh
653 ## - مصطلح تكشيفى غير مقيد
Resource For college Arabic Literature
Arrived date list January2020
655 ## - مصطلح تكشيفى-نوع/شكل
التقسيم الفرعي الشكلي Reading book
942 ## - عناصر المدخل الإضافي( كوها)
مصدر التصنيف او مخطط الترفيف Dewey Decimal Classification
Koha [default] item type Book - Borrowing
Holdings
حالة التراجع حالة الفقد مصدر التصنيف او خطة الترفيف حالة تلف ليس للاعارة مجموعات كوها المكان الدائم المكان الحالي موقع الترفيف تاريخ الاكتساب Source of acquisition رقم الاستدعاء الباركود Date last seen نوع الوعاء
    Dewey Decimal Classification     Baccah Central Library Central Library Second Floor 24/06/2010 Purchase 892.7099282 ح د ي 000021096 15/07/2025 Book - Borrowing